| 000 | 00458nam a22001337a 4500 | ||
|---|---|---|---|
| 082 | _aBICSE-8 SAA | ||
| 100 |
_aMuhammad Saad Ashfaq _992952 |
||
| 245 | _aAutonomous landmine detection & mapping system | ||
| 260 |
_aIslamabad _bNUST-SEECS _c2014 |
||
| 500 | _aSupervisor: Mr. Jamil Nawaz MAaik | ||
| 700 |
_aMuhammad Saad Ashfaq, Rohail Mustafa Syed, Sohaib Sajjad _992953 |
||
| 856 | _uhttp://10.250.8.41:8080/xmlui/handle/123456789/10753 | ||
| 942 |
_cPR _2ddc |
||
| 999 |
_c12959 _d12959 |
||